000 00243nam a2200109Ia 4500
008 220204s9999 xx 000 0 und d
082 _a82-3
_bHUX;1
100 _aHuxley, Aldous
245 0 _aIsland
260 _aHerts
_bTriad;1976
942 _cBK
999 _c29359
_d29359